000 00562nam a22001817a 4500
003 UA-OsUOA
001 15666
007 ta
008 20031201b un ||||| |||| 00| 0 ukr d
100 _aГречко А.
942 _cSA
040 _aUA-OsUOA
_cUA-OsUOA
_dUA-OsUOA
245 _aНароджена у тилу ворога
_b[Районній газеті "Рокитнівщина" -60 років]
300 _aС.7
955 _a0
773 0 _w0
_tВільне слово
_dРівне
_d2003
_g№94/26 листоп./
650 7 _aІсторія
_2UDC
999 _c301831
_d301831